Cálculo una variable
Tallennettuna:
| Päätekijä: | |
|---|---|
| Muut tekijät: | , , , , |
| Aineistotyyppi: | Kirja |
| Kieli: | Spanish |
| Julkaistu: |
México : Pearson,
c2006.
|
| Aiheet: | |
| Tagit: |
Lisää tagi
Ei tageja, Lisää ensimmäinen tagi!
|
MARC
| LEADER | 00000nam a2200000Ia 4500 | ||
|---|---|---|---|
| 003 | 000373 | ||
| 005 | 20221231144009.0 | ||
| 008 | 140114s2006 mx a 000 ||spa d | ||
| 040 | |c cru CEDI | ||
| 082 | |a 517 T456c | ||
| 100 | |a Thomas, George Brinton, 1914-2006 |9 19900 | ||
| 245 | |a Cálculo una variable | ||
| 260 | |a México : Pearson, |c c2006. | ||
| 300 | |a 1 volumen (en varias paginaciones) : ilustraciones | ||
| 500 | |a Traducción de: Thomas’ calculus, 11 ed | ||
| 650 | |x CALCULO |x GEOMETRIA ANALITICA |9 19882 | ||
| 700 | |9 19901 |a Weir, Maurice D. | ||
| 700 | |9 19902 |a Hass, Joel | ||
| 700 | |9 19903 |a Giordano, Frank R | ||
| 700 | |9 20700 |a de Oteyza de Oteyza, Elena, |d Traductor(a) | ||
| 700 | |9 20701 |a Ibarra Mercado, Víctor Hugo |d Traductor(a) | ||
| 942 | |2 ddc |c BK | ||
| 999 | |c 15385 |d 15385 | ||
